00857nam a2200253Ia 4500001000700000003000500007008004100012010001100053020001800064040000900082082001500091100003300106245013700139260004300276300001100319440002800330500007600358503001800434504003300452650002300485650001600508700003700524700004200561Z_7111CHAP220113s1998 xx 000 0 und d a170383 a84-7738-008-2 cCHAP a574.87 M85 aMuñiz Hernando, Enrriqueta aFundamentos de biologia celular /cEnriqueta Muniz Hernando y Benjamin Fernández Ruíz ; ilustración Lourdes Jiménez de Blas aMadrid, España :bSíntesis,c1998 a166 p. aCiencias de la vida ; 1 aLa biblioteca solo cuenta con el n.1: Fundamentos de biología celular aej.1: consumo aBibliografía: p. 151 - 152 aBiología celular aCitología a Jiménez de Blas, Lourdes, il. aFernandez Ruíz, Benjamín, coaut.